Les plus gros transferts du football - Défenseurs - Statistiques

Statistiques générales
  • Ce quiz a été pris 195 fois
  • Le résultat moyen est 9 sur 10
Statistiques - réponses
Montant de transfert (M €) Saison Nationalité Venant de Allant à Joueur % Correct
87,00 2019-2020 England Leicester City Manchester United Harry Maguire
96%
84,65 2017-2018 Netherlands Southampton Liverpool Virgil van Dijk
95%
68,00 2021-2022 Morocco Inter Paris SG Achraf Hakimi
94%
90,00 2023-2024 Croatia RB Leipzig Manchester City Josko Gvardiol
93%
85,50 2019-2020 Netherlands Ajax Juventus Turin Matthijs de Ligt
93%
67,00 2022-2023 Netherlands Juventus Turin Bayern Munich Matthijs de Ligt
93%
80,00 2019-2020 France Atlético Madrid Bayern Munich Lucas Hernández
90%
71,60 2020-2021 Portugal Benfica Manchester City Rúben Dias
89%
80,40 2022-2023 France Leicester City Chelsea Wesley Fofana
84%
65,30 2022-2023 Spain Brighton Chelsea Marc Cucurella
74%
Aucun quiz correspondant
Distribution des résultats
% des personnes avec chaque résultat
Percentile par nombre de réponses
Votre historique - résultats
Vous n’avez pas pris ce quiz